LDR 00593naa#a2200193#i#450# 001 EN\\bibl\121205 005 20260513073457.3 011 ## _a2409-1073 100 ## _a20141121b2014####ek#y0engy0150####ca 101 0# _aRUS 102 ## _aRU 200 1# _aInformation Culture as a Resource of Personal Security Provision in Information Society _eJournal article 210 1# _aMoscow _cNational Research University of Electronic Technology _d2014 215 ## _a5 с. 608 ## _aJournal article _2local 675 ## _a. 002:004.056 _zRUS 700 #1 _aPirogov _gA I 700 #1 _aZavalnev _gV I 856 4# _aesgi-journal.ru _u